| 000 | | | 03787nac2a22002771x 450 |
| 001 | | | 06d415e5-f8ac-42ca-a49a-86e7d851088c |
| 005 | | | 20150407040059.0 |
| 100 | ## | $a | 20150213l1916 k y0rusy50 ca |
| 101 | 0# | $a | rus |
| 102 | ## | $a | RU |
| 105 | ## | $a | y z ||||| |
| 122 | 0# | $a | d19161231 |
| 200 | 1# | $a | О выдаче вида на жительство швейцарским гражданам Адольфу и Елене Келлер |
| | $j | 1916 |
| 215 | ## | $a | 13 листов |
| 251 | ## | $c | Дело |
| 300 | ## | $a | Заголовок дела на папке: О выдаче вида на жительство швейцарским гражданам Адольфу и Елене (Нелли) Келлер |
| 300 | ## | $a | Часть документов рукописная, часть - машинописная |
| 461 | #0 | $1 | 0019437218a-5c35-4c92-b6d5-a02c81f9be70 |
| | $1 | 2001 |
| | $a | Департамент полиции Министерства внутренних дел |
| | $1 | 251 |
| | $c | Фонд |
| | $1 | 852 |
| | $j | 102 |
| 462 | #0 | $1 | 001RuPRLIB510117765 |
| | $1 | 2001 |
| | $a | 2-е делопроизводство. 1916 г. |
| | $1 | 251 |
| | $c | Опись |
| | $1 | 852 |
| | $j | 74 |
| 517 | ## | $a | О выдаче вида на жительство швейцарским гражданам Адольфу и Елене (Нелли) Келлер |
| 600 | #1 | $a | Келлер |
| | $b | А. |
| | $g | Адольф |
| 600 | #1 | $a | Келлер |
| | $b | Е. |
| | $c | Нелли |
| | $g | Елена |
| 601 | 01 | $3 | RU\NLR\AUTH\889931910 |
| | $a | Россия |
| | $b | Департамент полиции |
| 801 | #0 | $a | RU |
| | $b | GA_RF |
| 801 | #1 | $a | RU |
| | $b | НПО Опыт |
| | $c | 20150213 |
| | $2 | rusmarc |
| 801 | #2 | $a | RU |
| | $b | ПБ им. Б.Н. Ельцина |
| | $c | 20150407 |
| | $g | RCR |
| | $2 | rusmarc |
| 852 | ## | $a | ГА РФ |
| | $j | 8 ч. 154 |
| 937 | ## | $d | 50382008 |
| | $h | ПБ |
| 035 | ## | $a | RuPRLIB51025586 |